[Event "Mazowiec-chT 1213"]
[Site "Poland"]
[Date "2013.02.10"]
[Round "10.2"]
[White "Milczarek, Robert"]
[Black "Malec, Sebastian"]
[Result "0-1"]
[WhiteElo "1812"]
[BlackElo "2171"]
[PlyCount "60"]
[EventDate "2013.01.13"]
[EventType "team-tourn"]
[EventRounds "10"]
[EventCountry "POL"]
[SourceTitle "EXT 2019"]
[Source "ChessBase"]
[SourceDate "2018.10.10"]
[SourceVersion "1"]
[SourceVersionDate "2018.10.10"]
[SourceQuality "1"]

1. d4 Nf6 2. c4 e6 3. Nf3 Bb4+ 4. Bd2 a5 5. g3 d5 6. a3 Be7 7. Bg2 0-0 8. 0-0 dxc4 9. Qc2 b5 10. Nc3 c6 11. Ne5 Qb6 12. a4 Bb7 13. Be3 Nd5 14. Be4 f5 15. Nxd5 cxd5 16. Bf3 b4 17. Qd2 Bd6 18. g4 Bxe5 19. dxe5 Qc7 20. gxf5 Qxe5 21. fxe6 Qxe6 22. Bg2 Nd7 23. Rad1 Nf6 24. Bd4 Rae8 25. e3 Ne4 26. Qe2 Ba6 27. Qh5 c3 28. Bxe4 dxe4 29. Kh1 c2 30. Rc1 Bxf1 0-1

[Event "Mazowiec-chT 1213"]
[Site "Poland"]
[Date "2013.01.27"]
[Round "5.2"]
[White "Kedzierski, Slawomir"]
[Black "Malec, Sebastian"]
[Result "0-1"]
[WhiteElo "2096"]
[BlackElo "2171"]
[PlyCount "130"]
[EventDate "2013.01.13"]
[EventType "team-tourn"]
[EventRounds "10"]
[EventCountry "POL"]
[SourceTitle "EXT 2019"]
[Source "ChessBase"]
[SourceDate "2018.10.10"]
[SourceVersion "1"]
[SourceVersionDate "2018.10.10"]
[SourceQuality "1"]

1. d4 Nf6 2. Nf3 e6 3. c4 Bb4+ 4. Nbd2 Qe7 5. a3 Bxd2+ 6. Qxd2 d6 7. e3 e5 8. dxe5 dxe5 9. Be2 c5 10. Qc2 Nc6 11. Nd2 e4 12. b3 Bf5 13. Bb2 0-0 14. h3 Rae8 15. 0-0-0 Bg6 16. g4 h5 17. Rdg1 h4 18. Rd1 Nh7 19. Nb1 Ne5 20. Bxe5 Qxe5 21. Qb2 f5 22. Qxe5 Rxe5 23. Rd2 f4 24. Nc3 Ng5 25. Rd7 f3 26. Bd1 Rf7 27. Rd8+ Rf8 28. Rd7 Rb8 29. Bc2 Bf7 30. Rd2 Kf8 31. Rd7 Be6 32. Rd6 Ke7 33. Rd2 Rd8 34. Rxd8 Kxd8 35. Kd2 Kc7 36. Kc1 a6 37. Kd2 Bf7 38. Kc1 Kc6 39. a4 b6 40. Kd2 Re7 41. Kc1 Re8 42. Kd2 Kd6 43. Kc1 Ke5 44. Kd2 Rd8+ 45. Kc1 Be8 46. Rh2 Bc6 47. Rh1 Rb8 48. Kd2 b5 49. axb5 axb5 50. cxb5 Bxb5 51. Nxb5 Rxb5 52. Kc3 Rb4 53. Bb1 Rb7 54. Bc2 Rd7 55. Bb1 Ne6 56. Rg1 Nc7 57. Kc4 Rd2 58. Rf1 Ne6 59. Kc3 Re2 60. Kc4 g6 61. Rd1 Rxf2 62. Rd5+ Kf6 63. Bxe4 Rh2 64. Bxf3 Rxh3 65. Bh1 Rxh1 0-1

[Event "POL-ch U18"]
[Site "Szczyrk"]
[Date "2013.??.??"]
[Round "4"]
[White "Faron, Rafal"]
[Black "Malec, Sebastian"]
[Result "1/2-1/2"]
[WhiteElo "1894"]
[BlackElo "2171"]
[PlyCount "114"]
[EventDate "2013.03.17"]
[EventType "swiss"]
[EventRounds "9"]
[EventCountry "POL"]
[SourceTitle "CBM 153 Extra"]
[Source "ChessBase"]
[SourceDate "2013.04.22"]
[SourceVersion "1"]
[SourceVersionDate "2013.04.22"]
[SourceQuality "1"]

1. d4 Nf6 2. c4 e6 3. Nf3 Bb4+ 4. Bd2 a5 5. g3 b6 6. Bg2 Bb7 7. 0-0 0-0 8. a3 Be7 9. Nc3 d5 10. cxd5 exd5 11. Ne5 Ne4 12. Qc2 Nxd2 13. Qxd2 c6 14. Rfd1 Nd7 15. e4 Nxe5 16. dxe5 d4 17. Qxd4 Bc5 18. Qd7 Qxd7 19. Rxd7 Bc8 20. Rc7 Bg4 21. Rxc6 Ra7 22. Nd5 Bd4 23. Rb1 b5 24. h3 Bd7 25. Rc2 Be6 26. Rd1 Bxe5 27. f4 Bb8 28. Bf1 b4 29. axb4 axb4 30. Bc4 Bxh3 31. Kh2 Bg4 32. Re1 Bd6 33. Ne3 h5 34. Nxg4 hxg4 35. e5 Re7 36. Be2 Bc7 37. Bxg4 f5 38. Bf3 g5 39. Rc6 Kg7 40. Rec1 Ba5 41. R1c5 Bd8 42. Rd5 Bc7 43. Rdc5 Bd8 44. Rb5 Rh8+ 45. Kg2 gxf4 46. gxf4 Rh4 47. Kg3 Kh7 48. Kxh4 Rxe5+ 49. Kh5 Rxb5 50. Rd6 Ba5 51. Rd7+ Kg8 52. Kg6 Kf8 53. Rf7+ Kg8 54. Ra7 Kf8 55. b3 Rc5 56. Ra8+ Ke7 57. Be2 Bc7 1/2-1/2

[Event "POL-ch U18"]
[Site "Szczyrk"]
[Date "2013.??.??"]
[Round "3"]
[White "Malec, Sebastian"]
[Black "Kwiatkowski, Wiktor"]
[Result "1-0"]
[WhiteElo "2171"]
[BlackElo "1949"]
[PlyCount "79"]
[EventDate "2013.03.17"]
[EventType "swiss"]
[EventRounds "9"]
[EventCountry "POL"]
[SourceTitle "CBM 153 Extra"]
[Source "ChessBase"]
[SourceDate "2013.04.22"]
[SourceVersion "1"]
[SourceVersionDate "2013.04.22"]
[SourceQuality "1"]

1. e4 c5 2. Nf3 d6 3. d4 cxd4 4. Nxd4 Nf6 5. Nc3 e6 6. g4 Nc6 7. g5 Nd7 8. Be3 a6 9. Be2 Be7 10. h4 Qc7 11. h5 b5 12. Nxc6 Qxc6 13. Qd4 f6 14. h6 g6 15. 0-0-0 Rf8 16. gxf6 Nxf6 17. e5 dxe5 18. Qxe5 Bd7 19. Bd3 0-0-0 20. a4 Ng4 21. Qd4 Nxe3 22. axb5 Qc5 23. fxe3 Bxb5 24. Qe4 Bxd3 25. Qxe6+ Kb8 26. cxd3 Bg5 27. d4 Rxd4 28. Rxd4 Qxd4 29. Kb1 Qc5 30. Ne4 Qf5 31. Qb6+ Ka8 32. Qxa6+ Kb8 33. Qb6+ Ka8 34. Qc6+ Kb8 35. Rc1 Rf7 36. Rc5 Qf1+ 37. Kc2 Qg2+ 38. Kc3 Bxe3 39. Rb5+ Ka7 40. Ra5+ 1-0

[Event "POL-ch U18"]
[Site "Szczyrk"]
[Date "2013.??.??"]
[Round "5"]
[White "Malec, Sebastian"]
[Black "Paszewski, Mateusz"]
[Result "1-0"]
[WhiteElo "2171"]
[BlackElo "2065"]
[PlyCount "55"]
[EventDate "2013.03.17"]
[EventType "swiss"]
[EventRounds "9"]
[EventCountry "POL"]
[SourceTitle "CBM 153 Extra"]
[Source "ChessBase"]
[SourceDate "2013.04.22"]
[SourceVersion "1"]
[SourceVersionDate "2013.04.22"]
[SourceQuality "1"]

1. e4 c5 2. Nf3 g6 3. d4 Bg7 4. dxc5 Qa5+ 5. c3 Qxc5 6. Na3 Nf6 7. Nb5 b6 8. b4 Qc6 9. e5 Ng8 10. Qb3 a6 11. Bc4 e6 12. Nd6+ Kf8 13. b5 axb5 14. Bxb5 Qc7 15. Ba3 Ne7 16. 0-0 Nbc6 17. Bxc6 dxc6 18. Nxc8 Rxc8 19. Bd6 Qd8 20. Rfd1 Kg8 21. c4 h6 22. Bc5 Qe8 23. Qxb6 Kh7 24. Qb7 Ng8 25. a4 Bf8 26. Rd7 Kg7 27. Bxf8+ Qxf8 28. Nd4 1-0

[Event "POL-ch U18"]
[Site "Szczyrk"]
[Date "2013.??.??"]
[Round "6"]
[White "Zochowski, Kacper"]
[Black "Malec, Sebastian"]
[Result "0-1"]
[WhiteElo "2083"]
[BlackElo "2171"]
[PlyCount "151"]
[EventDate "2013.03.17"]
[EventType "swiss"]
[EventRounds "9"]
[EventCountry "POL"]
[SourceTitle "CBM 153 Extra"]
[Source "ChessBase"]
[SourceDate "2013.04.22"]
[SourceVersion "1"]
[SourceVersionDate "2013.04.22"]
[SourceQuality "1"]

1. e4 c5 2. Nf3 d6 3. d4 cxd4 4. Nxd4 Nf6 5. Nc3 a6 6. Bd3 e5 7. Nde2 Be6 8. 0-0 Nbd7 9. Kh1 b5 10. a3 Qc7 11. f4 Nc5 12. Ng3 h5 13. fxe5 dxe5 14. Nf5 g6 15. Bg5 Nh7 16. Bh4 gxf5 17. Qxh5 Bg7 18. exf5 Bd7 19. Be4 Nf6 20. Qg5 0-0-0 21. Qxg7 Rxh4 22. Qxf6 Rdh8 23. h3 Nxe4 24. Nxe4 Bc6 25. Rae1 R8h5 26. Nf2 Rxh3+ 27. Nxh3 Rxh3+ 28. Kg1 Qb6+ 29. Rf2 Rh1+ 30. Kxh1 Bxg2+ 31. Kxg2 Qxf6 32. Re3 Qg5+ 33. Rg3 Qc1 34. b4 f6 35. Rc3+ Kb7 36. Rd3 Qg5+ 37. Rg3 Qh6 38. Rh3 Qg5+ 39. Rg3 Qh4 40. Re2 Qf4 41. Rf2 Qe4+ 42. Kf1 a5 43. bxa5 Ka6 44. Rc3 Kxa5 45. Rff3 Qg4 46. Rf2 Qd4 47. Rd3 Qc4 48. Ke1 Qc5 49. Rb3 Qd4 50. Rd3 Qe4+ 51. Kd2 Qg4 52. Ke1 Qg1+ 53. Ke2 Qc1 54. Rc3 Qb2 55. Kd2 Qa1 56. Rd3 Qg1 57. Ke2 Qh1 58. Rf1 Qh5+ 59. Kd2 Qh2+ 60. Kc1 Qe2 61. Rdf3 e4 62. R3f2 Qe3+ 63. Kb2 Ka4 64. c3 Qc5 65. Rf4 Qxa3+ 66. Kc2 Qa2+ 67. Kd1 Kb3 68. R4f2 Qb1+ 69. Kd2 Qd3+ 70. Ke1 Qxc3+ 71. Ke2 Qd3+ 72. Ke1 Kc3 73. Re2 e3 74. Rg2 b4 75. Rgf2 Qd4 76. Ke2 0-1

[Event "Warsaw Najdorf Memorial op-A"]
[Site "Warsaw"]
[Date "2012.08.14"]
[Round "9"]
[White "Malec, Sebastian"]
[Black "Jarmula, Pawel"]
[Result "0-1"]
[WhiteElo "2093"]
[BlackElo "2180"]
[PlyCount "74"]
[EventDate "2012.08.06"]
[EventType "swiss"]
[EventRounds "9"]
[EventCountry "POL"]
[SourceTitle "CBM 149 Extra"]
[Source "ChessBase"]
[SourceDate "2012.08.24"]
[SourceVersion "1"]
[SourceVersionDate "2012.08.24"]
[SourceQuality "1"]

1. e4 c6 2. d4 d5 3. e5 Bf5 4. Nc3 Qb6 5. g4 Bd7 6. Bg2 e6 7. Nge2 c5 8. 0-0 h5 9. g5 cxd4 10. Nxd4 Nc6 11. Nb3 Nge7 12. Be3 Qd8 13. Nb5 Nf5 14. Bf4 Be7 15. Re1 Rc8 16. g6 fxg6 17. Nd6+ Bxd6 18. exd6 0-0 19. Qd2 Qb6 20. c3 Kh7 21. Be3 Nxe3 22. Rxe3 Nd8 23. Rg3 Rf6 24. Nd4 Qxd6 25. Rf1 Qb6 26. Kh1 Nc6 27. Nf3 Rcf8 28. Ng5+ Kh8 29. f4 Ne7 30. Re3 Nf5 31. Re5 Nd6 32. Rfe1 Nc4 33. Qc1 Nxe5 34. fxe5 Rf2 35. Qb1 R8f5 36. Nh3 Rxb2 37. Qd1 Qa6 0-1